000 03261cgm a2200637Ia 4500
001 ocn702485087
003 OCoLC
005 20241220130822.0
008 110217s2011 nyu114 vleng d
007 vd cvaizq
040 _aTEFMT
_cTEFMT
_dBTCTA
_dTEF
_dTEFMT
_dMQY
_dMR0
_dIKG
_dWAU
_dWIQ
_dUINTA
024 1 _a013132317892
028 4 2 _aWC23178
_bAnchor Bay Entertainment
035 _a(OCoLC)702485087
041 1 _aeng
_jeng
_jspa
_heng
050 4 _aPN1997.2
_b.B58 2011
082 0 4 _a791.43/72
_222
049 _aUCLB
092 _a791.437
245 0 0 _aBlue valentine
_h[videorecording] /
_cIncentive Filmed Entertainment presents ; a Silverwood Films/Hunting Lane Films production ; in association with Chrysler ... [et al.] ; a film by Derek Cianfrance ; directed by Derek Cianfrance ; written by Derek Cianfrance, Joey Curtis and Cami Delavigne ; produced by Jamie Patricof, Lynette Howell, Alex Orlovsky.
257 _aUnited States
_2naf
260 _a[New York, NY] :
_b[Distributed by] Anchor Bay Entertainment,
_c2011.
300 _a1 videodisc (114 min.) :
_bsd., col. ;
_c4 3/4 in.
538 _aDVD, NTSC ; anamorphic widescreen (1.66:1) presentation ; Dolby digital 5.1 surround.
546 _aIn English, with optional subtitles in English SDH or Spanish.
511 1 _aMichelle Williams, Ryan Gosling, Faith Wladyka, John Doman, Mike Vogel.
508 _aMusic, Grizzly Bear ; editors, Jim Helton, Ron Patane ; cinematographer, Andrij Parekh.
500 _aDVD release of the 2010 motion picture.
500 _aSpecial features: audio commentary Derek Cianfrance, Jim Helton, deleted scenes, The making of Blue valentine, Frankie and the unicorn home movie.
520 _aAn honest, moving and uninhibited love story. The uncompromising portrait of Dean and Cindy, a young married couple who have grown apart, taking one night away from their daughter to try to save their relationship. Highlighted by provocative scenes alternately intimate and intense, the film captured audiences and critics alike.
521 8 _aMPAA rating: R; for strong graphic sexual content, language, and a beating.
650 0 _aMarriage
_vDrama.
_95718809
650 0 _aMan-woman relationships
_vDrama.
_95673977
655 0 _aFiction films.
_96222150
655 0 _aFeature films.
_96222151
655 7 _aFeature films
_zUnited States.
_2local
_95702540
655 0 _aVideo recordings for the hearing impaired.
_96222152
700 1 _aCianfrance, Derek.
_4aus
_4drt
_96222153
700 1 _aPatricof, Jamie.
_4pro
_95947729
700 1 _aHowell, Lynette,
_d1979-
_4pro
_95933943
700 1 _aOrlovsky, Alex.
_4pro
_96222154
700 1 _aCurtis, Joey.
_4aus
_96222155
700 1 _aDelavigne, Cami.
_4aus
_96222156
700 1 _aWilliams, Michelle,
_d1980-
_4act
_965911
700 1 _aGosling, Ryan,
_d1980-
_4act
_969446
700 1 _aDoman, John,
_d1945-
_4act
_970972
710 2 _aIncentive Filmed Entertainment (Firm)
_96222157
710 2 _aSilverwood Films.
_96209126
710 2 _aHunting Lane Films.
_96196432
710 2 _aChrysler Corporation.
_96222158
710 2 _aAnchor Bay Entertainment, Inc.
_962410
938 _aBaker and Taylor
_bBTCP
_nBEDDCS WC23178
942 _cDVD
_0146
994 _aC0
_bUINTA
998 _aa143675
999 _c77287
_d77287